LEADER 00781nas a2200205 i 4500 001 000000139427 003 CaOOAMICUS 005 20050523000000.0 008 050523b1988 it uu u0 0mul r 013 $a113460 040 $aSeMil$bita 245 10$aElenchus of Biblica 1985 /$cRobert North. 260 $aRoma :$bPontificio Istituto Biblico,$c1988. 300 $a1048 p. ;$c24 cm. 700 1 $aNorth, Robert .$0(OLS)http://semarc/name/90933 850 $aSeMil 852 $aSeMil$W1$xVenegono$y1$m6 5 10$j92836$B92836$CSeMilBibl$Z2$F98081 $85 961 $aAbbonamento: Pontificio Istituto Biblico 996 $6245$aElenchus of Biblica 1985$9(OLS)http://semarc/title/203724 996 $6260$aRoma :$bPontificio Istituto Biblico$9(OLS)http://semarc/publisher/30489 LEADER 01321nam a2200241 i 4500 001 000000119451 003 CaOOAMICUS 005 20031027000000.0 008 031027s1990 it u000 u ita u 013 $a92145 040 $aSeMil$bita 100 1 $aSimoni, Rino.$0(OLS)http://semarc/name/49803 245 10$aLuoghi aloisiani :$b4. centenario della morte di San Luigi Gonzaga (1591-1991) /$cRino Simoni. 260 $aCastiglione delle Stiviere (MN) :$bBasilica-Santuario di San Luigi Gonzaga,$cstampa 1990. 300 $a173 p. :$briccamente ill. ;$c31 cm. 500 $aA pič del front. : Stampato a cura della Basilica-Santuario di San Luigi Gonzaga, ..., in occasione del 4. centenario della morte del Santo (1591-1991) e della visita del Papa Giovanni Paolo 2. (22-6-91). - Fondo Card. C.M. Martini. 600 04$aGonzaga, Luigi .$0(OLS)http://semarc/subject/8735 850 $aSeMil 852 $aSeMil$W1$xVenegono$y1$m3H VI 11$j74659$B74659$CSeMilBibl$Z2$F102134 $81 941 1 $a4 961 $aOmaggio: Martini Card. Carlo Maria 996 $6245$aLuoghi aloisiani :$b4. centenario della morte di San Luigi Gonzaga (1591-1991)$9(OLS)http://semarc/title/175530 996 $6260$aCastiglione delle Stiviere (MN) :$bBasilica-Santuario di San Luigi Gonzaga$9(OLS)http://semarc/publisher/45636